Statistiques concernant Guerre en Ukraine de A à Z

Cliquez ici pour prendre le quiz!

Statistiques générales

  • Ce quiz a été pris 81 fois
  • Le résultat moyen est 20 sur 26

Statistiques - réponses

LettreIndiceRéponse% Correct
K
Capitale de l'Ukraine, centre des pouvoirs
ukrainiens
Kiev
99%
M
Capitale de la Russie, qui s'est
particulièrement familiarisée avec les
attaques de drones...
Moscou
97%
P
Actuel président de la Russie, considéré
comme l'auteur de nombreux crimes de
guerre et violations des droits de l'Homme
Vladimir Poutine
97%
C
Territoire du sud de l'Ukraine
occupé par la Russie depuis
2014
Crimée
96%
E
Première puissance mondiale, allié majeur
de l'Ukraine dans sa lutte contre les
forces armées russes
Etats-Unis
96%
F
Mois durant lequel l'offensive russe a
commencé
Février
96%
G
Pays d'ex-Union Soviétique qui a
également été envahi par la Russie en
2008, avec pour enjeu l'Ossétie du Sud
Géorgie
96%
B
Président de la première
puissance mondiale, allié majeur de
l'Ukraine depuis le début de la guerre
Joe Biden
94%
R
Pays qui a envahi la réponse U
( très difficile... )
Russie
93%
O
Organisation réunissant 31 membres et
très engagée dans la protection de l'Ukraine
et dans l'armement de son armée
OTAN
91%
HPays voisin de l'UkraineHongrie
90%
I
Tout comme pour la Tchétchénie ou pour
l'Afghanistan par le passé, l'Ukraine subit
une ______ russe sur son territoire.
Invasion
89%
U
Pays envahi dont il est question
( très difficile... )
Ukraine
87%
N
Nom de la mer bordant l'Ukraine, la Russie
et 4 autres pays et présentant un intérêt
stratégique pour les forces armées
(Mer) Noire
80%
SPays voisin de l'UkraineSlovaquie
80%
W
Groupe paramilitaire russe qui s'est illustré
dans le conflit à de maintes reprises,
notamment dans la ville de Bakhmout
Wagner
77%
T
État autonome du Caucase du Nord sous
contrôle russe, dont le leader prête main
forte à Poutine et se montre très hostile
Tchétchénie
73%
L
Actuel président de la Biélorussie, qui prête
main forte à la Russie et se montre très
hostile envers l'Ukraine et ses alliés
Alexandre Loukachenko
66%
D
Autre territoire ukrainien dans la
même situation que la réponse C
Donbass
66%
J
Confession religieuse du président
ukrainien, élément constituant un argument
face aux accusations de néo-nazisme
faites au sujet du dirigeant en question
Juive
66%
X
Président de la Chine, pays membre des
BRICS et donc allié économique de la
Russie
Xi Jinping
64%
ZActuel président de l'UkraineVolodymyr Zelensky
63%
Y
Pays qui a été le théâtre d'un conflit armé
alors que l'Ukraine et d'autres pays
prenaient leur indépendance de l'Union
Soviétique, dans les années 1990
Yougoslavie
46%
A
Chars américains envoyés en grand nombre
en Ukraine
Abrams
43%
V
Actuel maire de la réponse K, ancien
boxeur qui a été champion du monde et
s'est fait mondialement connaitre
Vitali Klitschko
17%
Q
Nombre d'habitants, arrondi au millionième,
avant le début de la guerre
( écrire en lettres, pas en chiffres )
Quarante-et-un million
10%

Distribution des résultats

Percentile par nombre de réponses

% des personnes avec chaque résultat

Votre développement - résultats

Vous n’avez pas pris ce quiz